Trẻ mầm non ca hát tuyển tập bài hát nhà trẻ, mẫu giáo

保存先:
書誌詳細
第一著者: Hoàng, Văn Yến
フォーマット: 図書
出版事項: Hà Nội Âm nhạc
主題:
タグ: タグ追加
タグなし, このレコードへの初めてのタグを付けませんか!
Thư viện lưu trữ: Trung tâm Học liệu Lê Vũ Hùng, Trường Đại học Đồng Tháp
LEADER 00716pam a22002178a 4500
001 00038425
005 20171026081023.0
008 170516s ||||||Viesd
041 0 # |a Vie 
082 1 4 |a 782.42  |b TR200M 
100 1 # |a Hoàng, Văn Yến 
245 1 0 |a Trẻ mầm non ca hát  |c Hoàng Văn Yến  |b tuyển tập bài hát nhà trẻ, mẫu giáo 
260 # # |a Hà Nội  |b Âm nhạc 
300 # # |a 168tr.  |c 27cm 
653 # # |a Trẻ mầm non 
852 # # |b Kho mượn  |j KM.0022429 
852 # # |b Kho đọc  |j KD.0021500 
852 # # |j KD.0021500  |j KM.0022429 
910 |d 16/05/2017 
980 # # |a Trung tâm Học liệu Lê Vũ Hùng, Trường Đại học Đồng Tháp